Normal view
MARC view
Entry Personal Name
001 - CONTROL NUMBER
- control field: 36635
003 - CONTROL NUMBER IDENTIFIER
- control field:
005 - DATE AND TIME OF LATEST TRANSACTION
- control field: 20210601181013.0
008 - FIXED-LENGTH DATA ELEMENTS
- fixed length control field: 210601|| aca||aabn | a|a d
040 ## - CATALOGING SOURCE
- Original cataloging agency:
- Transcribing agency:
100 ## - HEADING--PERSONAL NAME
- Personal name: Hancock, N.N.,
- Fuller form of name: (Norman Napoleon)
670 ## - SOURCE DATA FOUND
- Source citation: Work cat.: (): Hancock, N.N., (Norman Napoleon), Matrix analysis of electrical machinery /, c1964
